Los economistas y las élites políticas en América Latina /
Salvato in:
| Autore principale: | |
|---|---|
| Natura: | testo |
| Soggetti: | |
| Tags: |
Aggiungi Tag
Nessun Tag, puoi essere il primo ad aggiungerne!!
|
MARC
| LEADER | 00000 a a2200000 04500 | ||
|---|---|---|---|
| 001 | 7664 | ||
| 003 | |||
| 040 | |||
| 100 | |a Montecinos, Verónica | ||
| 245 | |a Los economistas y las élites políticas en América Latina / |c Verónica Montecinos | ||
| 650 | |a POLITICA | ||
| 650 | |a ECONOMIA | ||
| 650 | |a ECONOMISTAS | ||
| 650 | |a MERCADO | ||
| 650 | |a EDUCACION | ||
| 650 | |a REFORMA DE LA EDUCACION | ||
| 650 | |a DEMOCRACIA | ||
| 773 | |g volumen 30, número 119 -120; páginas 351-375 | ||
| 999 | |c 31085 |d 31085 | ||
